Las podredumbres radicales en el alto valle de río negro y neuquen

Guardado en:
Autor Principal: Rossini, Mirta
Otros Autores: Di Masi, Susana
Formato: Libro
Publicado: General Roca : Inta, s/f.
Materias:
Etiquetas: Agregar Etiqueta
Sin Etiquetas, Sea el primero en etiquetar este registro!
LEADER 00983nam a22002415a 4500
001 CEM.cems018108
005 20131028121422.0
008 130507b######################000#0#####d
003 CEMS
082 0 4 |a FC634 
100 1 |a Rossini, Mirta 
245 1 0 |a Las podredumbres radicales en el alto valle de río negro y neuquen 
260 |a General Roca :  |b Inta, s/f. 
300 |a 14 p. 
505 0 |a Podredumbres radicales causadas por Phytophthora -- Síntomas -- Daños -- Descripción del patógeno -- Epidemiología -- Factores predisponentes -- Control -- Asfixia radical 
653 |a Frutales 
653 |a Enfermedades de frutales 
653 |a Phytophthora cactorum 
700 1 |a Di Masi, Susana 
859 |a CEMS  |b BIB. CEMS - Agricultura  |h FC634  |i R733  |p A0041.44  |t Ej.1 
859 |a CEMS  |b BIB. CEMS - Agricultura  |h FC634  |i R733  |p A0042.44  |t Ej.2 
859 |a CEMS  |b BIB. CEMS - Agricultura  |h FC634  |i R733  |p A0043.44  |t Ej.3 
859 |a CEMS  |b BIB. CEMS - Agricultura  |h FC634  |i R733  |p A0085.44  |t Ej.4